| 000 | 01004nac a22002897a 4500 | ||
|---|---|---|---|
| 001 | BR0000202 | ||
| 003 | BR-BrBNA | ||
| 005 | 20240105122336.0 | ||
| 008 | 230509b bl.|||m| |||| 00| 0 por d | ||
| 040 |
_aBR-BrBNA _bpor _cBiblioteca Nacional de Agricultura |
||
| 072 | _aK10 | ||
| 090 | _aK10 BR0000202 | ||
| 100 | 1 | _aPoggiani, F. coord. | |
| 100 | 1 | _aRodrigues, L.C.E. coord. | |
| 110 | 1 |
_aInstituto de Pesquisas e Estudos Florestais, Piracicaba, SP (Brasil) _96160 |
|
| 245 | 1 | _aMemoria do 2 (segundo)Workishop sobre Monitoramento Ambiental em Areas Florestais | |
| 260 | 3 |
_aPiracicaba, SP (Brasil): _c1998. |
|
| 300 | _a96 p. | ||
| 490 |
_aSerie Tecnica - Instituto de Pesquisas Estudos Florestais (Brazil) _vv. 12(31) _xISSN 0100-8137 |
||
| 500 | _aSummaries (En, Pt); Several Bibliography | ||
| 650 | _aSilvicultura | ||
| 650 | _aPlantio | ||
| 650 | _aIndicador Economico | ||
| 650 | _aIndicador Social | ||
| 909 |
_a202312 _bLúcia Elande _c55 _dLúcia Elande |
||
| 942 |
_2AGRIS _n0 _cMS |
||
| 999 |
_c290522 _d290522 |
||